[Event "XIX EYCC Girls U18"]
[Site "Fermo ITA"]
[Date "2009.09.03"]
[Round "4"]
[White "Savina,A"]
[Black "Semenova,E"]
[Result "1/2-1/2"]
[WhiteElo "2382"]
[BlackElo "2115"]

1.d4 d5 2.c4 c6 3.Nc3 Nf6 4.e3 e6 5.Nf3 Nbd7 6.Bd3 Bd6 7.O-O O-O 8.e4 dxe4
9.Nxe4 Nxe4 10.Bxe4 h6 11.Bc2 e5 12.Qd3 f5 13.c5 Bc7 14.dxe5 Nxe5 15.Qb3+ Kh8
16.Bf4 Be6 17.Qc3 Nxf3+ 18.Qxf3 Bd5 19.Bxc7 Qxc7 20.Qc3 Rae8 21.Rfe1 Qf7
22.b3 Kg8 23.f4 Qh5 24.Qd2 Qh4  1/2-1/2

[Event "XIX EYCC Boys U18"]
[Site "Fermo ITA"]
[Date "2009.09.03"]
[Round "4"]
[White "Salgado Lopez,I"]
[Black "Platzgummer,F"]
[Result "1-0"]
[WhiteElo "2558"]
[BlackElo "2308"]

1.d4 e6 2.c4 d5 3.Nc3 c6 4.e3 Nf6 5.Nf3 Nbd7 6.Qc2 Bd6 7.Be2 O-O 8.O-O Qe7
9.b3 b6 10.Bb2 Bb7 11.a3 Rac8 12.b4 dxc4 13.Bxc4 c5 14.dxc5 bxc5 15.b5 Ng4
16.e4 Nde5 17.Nxe5 Bxe5 18.h3 Qh4 19.Rfe1 Nf6 20.Bf1 Bd4 21.a4 g5 22.e5 Nd7
23.Nd1 g4 24.hxg4 Qxg4 25.Ra3 Kh8 26.Rh3 Qg7 27.Qd3 Rfd8 28.Bxd4 Nf8 29.Rg3 Ng6
30.Rg4 Rd5 31.Nc3 Rd7 32.Qe3 cxd4 33.Rxd4 Nxe5 34.Rxd7 Nxd7 35.Qxa7 Bxg2
36.Bxg2 Rg8 37.Qb7 Qxc3 38.Rd1 Ne5 39.Qe4 Rg4 40.Qe3 Nf3+ 41.Kf1 Nh2+ 42.Kg1 Nf3+
43.Kf1 Nh2+ 44.Ke2 Qf6 45.Be4 Qe5 46.Bc2 Qh5 47.Kd2 Rc4 48.Kc1 Qf5 49.Qd3 Qf4+
50.Kb2 Qh4 51.Qd8+ Kg7 52.Rg1+  1-0

[Event "6th LGA Premium Cup"]
[Site "Nuernberg GER"]
[Date "2009.09.03"]
[Round "1"]
[White "Renner,Christo"]
[Black "Wagner,De"]
[Result "1-0"]
[WhiteElo "2431"]
[BlackElo "2061"]

1.c4 c6 2.Nc3 d5 3.e3 Nf6 4.Nf3 e6 5.d4 Nbd7 6.Be2 dxc4 7.a4 c5 8.Bxc4 Be7
9.O-O O-O 10.Qe2 b6 11.dxc5 Nxc5 12.Rd1 Qc7 13.e4 Bb7 14.Nb5 Qb8 15.e5 Nd5
16.Bd2 a6 17.Nbd4 Qa7 18.b4 Nd7 19.Rab1 Rac8 20.Rb3 Rfd8 21.h4 Nf8 22.h5 Rd7
23.h6 g6 24.Bg5 Rdc7 25.Bxd5 Bxd5 26.Rb2 Rc4 27.Qd2 Qb7 28.Bxe7 Qxe7 29.Nh2 Qh4
30.f3 Nd7 31.Ng4 Qg3 32.Ne2 Qh4 33.Nf4 Bc6 34.b5 axb5 35.axb5 Bd5 36.Nxd5 exd5
37.Qxd5 R4c7 38.e6 fxe6 39.Qxe6+ Kf8 40.Re2 Qd8 41.Qd6+ Kg8 42.Qd5+ Kf8 43.Qd4  1-0

[Event "6th LGA Premium Cup"]
[Site "Nuernberg GER"]
[Date "2009.09.03"]
[Round "1"]
[White "Rotstein,J"]
[Black "Thuerauf,P"]
[Result "1/2-1/2"]
[WhiteElo "2370"]
[BlackElo "1917"]

1.d4 d5 2.Nf3 Nf6 3.e3 c6 4.c4 e6 5.Nc3 Nbd7 6.cxd5 exd5 7.Bd3 Bd6 8.O-O O-O
9.Rb1 a5 10.a3 Re8 11.b4 axb4 12.axb4 Ne4 13.Qc2 Ndf6 14.h3 Nxc3 15.Qxc3 Ne4
16.Qc2 Bf5 17.Kh1 Qf6 18.Ng1 Nxf2+ 19.Rxf2 Bxd3 20.Qd2 Qg6 21.Rb3 Qg3 22.Nf3 Bc4
23.Rb2 Ra4 24.Kg1 Qg6 25.Qd1 b5 26.Ne5 Bxe5 27.dxe5 Rxe5 28.Qd4 Re4 29.Qb6 Qe6
30.Rf4 h6 31.Bd2 Ra1+ 32.Kh2 Qe5 33.Rc2 Rxf4 34.exf4 Qe4 35.Rc1 Rxc1 36.Bxc1 d4
37.Qd8+ Kh7 38.Qh4 d3 39.Bd2 Qe2 40.Qe1 Bd5 41.Qxe2 dxe2 42.Kg3 Kg6 43.Kf2 Bc4
44.g4 f5 45.Bc3 fxg4 46.hxg4 Kf7 47.f5 g6 48.fxg6+ Kxg6 49.Bd2 h5 50.gxh5+ Kxh5
51.Be3 Kg4 52.Bc5 Kf4 53.Ke1  1/2-1/2

[Event "XIX EYCC Boys U18"]
[Site "Fermo ITA"]
[Date "2009.09.04"]
[Round "5"]
[White "Janse,R"]
[Black "Cabrera Trujillo,J"]
[Result "1/2-1/2"]
[WhiteElo "2127"]
[BlackElo "2410"]

1.d4 d5 2.c4 c6 3.Nf3 Nf6 4.Nc3 e6 5.e3 Nbd7 6.Qc2 Bd6 7.b3 O-O 8.Bd3 a6
9.O-O e5 10.cxd5 cxd5 11.e4 exd4 12.Nxd5 Nxd5 13.exd5 h6  1/2-1/2

[Event "4th Kolkata Open"]
[Site "Kolkata IND"]
[Date "2009.09.04"]
[Round "4"]
[White "Panchanathan,M"]
[Black "Sandipan,C"]
[Result "0-1"]
[WhiteElo "2532"]
[BlackElo "2611"]

1.Nf3 d5 2.d4 Nf6 3.c4 c6 4.Nc3 e6 5.e3 Nbd7 6.Qc2 Bd6 7.b3 O-O 8.Be2 b6
9.O-O Bb7 10.Bb2 Qe7 11.Rad1 Rad8 12.Rfe1 Rfe8 13.e4 Nxe4 14.Nxe4 dxe4 15.Qxe4 Bb4
16.Rf1 Bd6 17.Bd3 f5 18.Qe3 c5 19.Rfe1 Bxf3 20.Qxf3 cxd4 21.Qh3 Qf6 22.Bb1 Nf8
23.Bxd4 Bxh2+ 24.Qxh2 Rxd4 25.Rxd4 Qxd4 26.Qc7 Qd2 27.Kf1 Rd8 28.Qxa7 Rd4
29.g3 h5 30.Qa8 h4 31.gxh4 Rf4 32.Re2 Qd1+ 33.Re1 Qh5 34.Rxe6 Rxh4 35.Kg2 Qd1  0-1

[Event "6th LGA Premium Cup"]
[Site "Nuernberg GER"]
[Date "2009.09.04"]
[Round "2"]
[White "Herning,J"]
[Black "Junk,P"]
[Result "1-0"]
[WhiteElo "2084"]
[BlackElo "1768"]

1.d4 d5 2.c4 c6 3.Nf3 Nf6 4.Nc3 e6 5.e3 Nbd7 6.Bd3 dxc4 7.Bxc4 b5 8.Bd3 a6
9.O-O c5 10.e4 Bb7 11.d5 Qb6 12.dxe6 Qxe6 13.e5 Nd5 14.Ng5 Qc6 15.Be4 N7b6
16.Nxd5 Nxd5 17.Qf3 Qd7 18.Rd1 Rd8 19.Be3 h6 20.e6  1-0

[Event "6th LGA Premium Cup"]
[Site "Nuernberg GER"]
[Date "2009.09.04"]
[Round "2"]
[White "Bindrich,F"]
[Black "Urytskyy,M"]
[Result "1-0"]
[WhiteElo "2516"]
[BlackElo "2098"]

1.d4 Nf6 2.Nf3 d5 3.c4 c6 4.e3 e6 5.Nc3 Nbd7 6.Qc2 Bd6 7.Be2 O-O 8.O-O Qe7
9.b3 a6 10.Bb2 dxc4 11.bxc4 e5 12.Rad1 exd4 13.exd4 Re8 14.Rfe1 Nf8 15.c5 Bf4
16.Bxa6 Be6 17.Bc4 Qd7 18.Ne5 Bxe5 19.dxe5 Nd5 20.Qb3 Red8 21.Bc1 Qe7 22.Ne4 Nc7
23.Nd6 Bxc4 24.Qxc4 Qe6 25.Qb4 Rdb8 26.a3 Na6 27.Qd4 Nd7 28.Ne4 Rd8 29.Bg5 f6
30.exf6 Ndxc5 31.f7+ Kxf7 32.Bxd8  1-0

[Event "6th LGA Premium Cup"]
[Site "Nuernberg GER"]
[Date "2009.09.04"]
[Round "3"]
[White "Reis,G"]
[Black "Renner,G"]
[Result "1-0"]
[WhiteElo "2202"]
[BlackElo "2023"]

1.Nf3 Nf6 2.c4 e6 3.Nc3 d5 4.d4 c6 5.e3 Bd6 6.Qc2 O-O 7.Ne5 a6 8.f4 dxc4
9.Bxc4 b5 10.Bd3 Ra7 11.Bd2 h6 12.Ne4 Nxe4 13.Bxe4 c5 14.dxc5 Bxe5 15.fxe5 Qh4+
16.g3 Qh5 17.c6 a5 18.Qc5 f5 19.O-O Raf7 20.Bf3 Qg6 21.Bxa5 h5 22.Qd4 Qg5
23.Qf4 Qg6 24.Bb4 Rd8 25.Qh4 Rd3 26.Bxh5  1-0

[Event "XXXII Banicky kahanec"]
[Site "Prievidza CZE"]
[Date "2009.09.04"]
[Round "1"]
[White "Polak,T"]
[Black "Krivoshey,S"]
[Result "1/2-1/2"]
[WhiteElo "2507"]
[BlackElo "2497"]

1.d4 d5 2.c4 c6 3.Nc3 Nf6 4.e3 e6 5.Nf3 Nbd7 6.Qc2 Bd6 7.g4 h6 8.Bd2 Qe7
9.Rg1 b6 10.h4 dxc4 11.Bxc4 Nd5 12.Ne4 Bb4 13.Ne5 Bb7 14.O-O-O Bxd2+ 15.Rxd2 N7f6
16.Nxf6+ gxf6 17.Nd3 O-O-O 18.a3 Kb8 19.Kb1 e5 20.Rdd1 Rhg8 21.Rde1 Nc7 22.Qb3 Rd7
23.a4 Rgd8 24.a5 Na8 25.a6 Bc8 26.Nb4 Rd6 27.d5 cxd5 28.Bxd5 Bd7 29.Bxf7 Nc7
30.Rc1 Bb5 31.Bc4 Be8 32.h5 Qh7+ 33.Rc2 Qe4 34.Rc1 Rd1 35.Ka2 Rxc1 36.Rxc1 Qxg4
37.Bf7 Bb5 38.Bc4 Be8 39.Bf7 Bb5 40.Bc4 Be8  1/2-1/2

[Event "6th LGA Premium Cup"]
[Site "Nuernberg GER"]
[Date "2009.09.05"]
[Round "4"]
[White "Bromberger,S"]
[Black "Hector,J"]
[Result "1/2-1/2"]
[WhiteElo "2510"]
[BlackElo "2556"]

1.d4 d5 2.c4 c6 3.Nc3 Nf6 4.e3 e6 5.Nf3 Nbd7 6.Bd3 dxc4 7.Bxc4 b5 8.Bd3 a6
9.e4 c5 10.d5 c4 11.Bc2 e5 12.O-O Qc7 13.Bd2 Bd6 14.b4 Rb8 15.Ne2 O-O 16.a4 a5
17.Rb1 axb4 18.Bxb4 bxa4 19.Bxd6 Qxd6 20.Rxb8 Qxb8 21.Qa1 Nc5 22.Nxe5 Ncxe4
23.Qd4 Re8 24.Nxc4 Ba6 25.Rb1 Qc7 26.Bxa4 Qxc4 27.Bxe8 Nxe8 28.Qe5 N4d6 29.Ng3 Qd3
30.Re1 g6 31.Ne4 Qa3 32.h4 Bb5 33.h5 Nxe4 34.Rxe4 Qd6 35.Qb2 Qxd5 36.Re5 Qd1+
37.Kh2 Bc6 38.Qb8 Qd6 39.Qxd6 Nxd6 40.hxg6 hxg6 41.Rc5 Be8 42.f3 Kg7 43.Ra5 f5
44.Kg3 Nf7 45.Ra7 Bc6 46.Kf4 Kf6 47.Ra6 Nd8 48.Ke3 Ke5 49.Ra5+ Bd5 50.Kf2 Ne6
51.Ra1 Nf4 52.Re1+ Kf6 53.Rd1 Be6 54.Ra1 g5 55.Ra4 Nd3+ 56.Ke3 Nc5 57.Ra5 f4+
58.Kf2 Nd3+ 59.Kg1 Ne5 60.Kf2 Bc4 61.Ra4 Bd5 62.Ra5 Ke6 63.Ra6+ Nc6 64.g3 g4
65.fxg4 f3 66.Ke3 Ke5 67.Ra8 Kd6 68.Rf8 Ne5 69.Rf4 Nc4+ 70.Rxc4  1/2-1/2

[Event "6th LGA Premium Cup"]
[Site "Nuernberg GER"]
[Date "2009.09.05"]
[Round "5"]
[White "Bischoff,K"]
[Black "Bromberger,S"]
[Result "1/2-1/2"]
[WhiteElo "2551"]
[BlackElo "2510"]

1.c4 Nf6 2.Nc3 e6 3.Nf3 d5 4.d4 c6 5.e3 Nbd7 6.Qc2 Bd6 7.b3 O-O 8.Be2 b6
9.O-O Bb7 10.Bb2 Qe7 11.Rad1 Rfd8 12.cxd5 cxd5 13.Nb5 Rdc8 14.Qb1 Bb8 15.Rc1 Rxc1
16.Rxc1 Ne8 17.Bd3 f5 18.Ne5 a6 19.Ba3 Qd8 20.Nxd7 Qxd7 21.Nc3 Bc7 22.Ne2 Rc8
23.Nf4 Nd6 24.h4 Bd8 25.Rxc8 Bxc8 26.g3 Qc6 27.Qf1 a5 28.Bxd6 Qxd6 29.Ba6 Bd7
30.Bb5 Bc8 31.Ba6 Bd7 32.Bb5 Bc8 33.Ba4 Bd7 34.Bxd7 Qxd7 35.a4  1/2-1/2

[Event "6th LGA Premium Cup"]
[Site "Nuernberg GER"]
[Date "2009.09.05"]
[Round "5"]
[White "Aronow,M"]
[Black "Bindrich,F"]
[Result "0-1"]
[WhiteElo "2290"]
[BlackElo "2516"]

1.d4 d5 2.Nf3 Nf6 3.e3 c6 4.c4 e6 5.Nc3 Nbd7 6.cxd5 exd5 7.Bd3 Bd6 8.O-O O-O
9.Qc2 Re8 10.Re1 Nf8 11.h3 Bd7 12.e4 dxe4 13.Nxe4 Nxe4 14.Bxe4 Qa5 15.Bd2 Qh5
16.Ng5 h6 17.Nf3 Re7 18.Bc3 Rae8 19.Ne5 Bc8 20.Bd3 Ne6 21.Nc4 Bc7 22.Qd1 Qd5
23.Qg4 g6 24.Qh4 Nf4 25.Bf1 Rxe1 26.Rxe1 Rxe1 27.Bxe1 Nxg2 28.Bxg2 Qxc4 29.Bc3 Qe2
30.Qxh6 Bb6 31.Qf4 Qe6 32.h4 Kf8 33.Qh6+ Ke7 34.h5 gxh5 35.Bb4+ Kd8 36.Qf8+ Kc7
37.Be7 Kb8 38.Kf1 Bc7 39.b3 Qg4 40.f3 Qe6 41.Bh4 b6  0-1

[Event "ch-RUS HL"]
[Site "Ulan Ude RUS"]
[Date "2009.09.05"]
[Round "4"]
[White "Bocharov,D"]
[Black "Timofeev,Arty"]
[Result "1/2-1/2"]
[WhiteElo "2607"]
[BlackElo "2668"]

1.d4 d5 2.c4 e6 3.Nc3 c6 4.e3 Nf6 5.Nf3 Nbd7 6.Qc2 Bd6 7.Bd3 O-O 8.O-O dxc4
9.Bxc4 a6 10.Rd1 b5 11.Be2 Qc7 12.Ne4 Nxe4 13.Qxe4 Be7 14.Bd3 g6 15.Bd2 Bb7
16.Rac1 c5 17.Qg4 Qb6 18.dxc5 Nxc5 19.Bc3 Nxd3 20.Rxd3 b4 21.Bd4 Qb5 22.Ne5 Rad8
23.Rdd1 Rd5 24.f4 Bd8 25.Qg3 Bf6 26.h4 Qe2 27.Ng4 Bg7 28.Re1 Qd3 29.Nf6+ Bxf6
30.Bxf6 Qe4 31.Red1 Rc8 32.Rxc8+ Bxc8 33.Rc1 Bb7 34.Qf3 Qf5 35.Be7 Rd7 36.e4 Rxe7
37.exf5 Bxf3 38.f6 Re8 39.gxf3 h6 40.Kf2 a5 41.Ke3 e5 42.Rc5 exf4+ 43.Kxf4 Re6
44.Rxa5 Rxf6+ 45.Ke4 Re6+ 46.Kd3 Rf6 47.Ke4 Re6+ 48.Kf4 b3 49.axb3 Rb6 50.Ra3 Rb4+
51.Kg3 Kg7  1/2-1/2

[Event "XIX EYCC Girls U16"]
[Site "Fermo ITA"]
[Date "2009.09.06"]
[Round "6"]
[White "Foisor,M"]
[Black "Brunello,M"]
[Result "0-1"]
[WhiteElo "2123"]
[BlackElo "2159"]

1.d4 d5 2.c4 e6 3.Nc3 c6 4.e3 Nf6 5.Nf3 Nbd7 6.Qc2 Bd6 7.b3 O-O 8.Be2 dxc4
9.bxc4 e5 10.a4 Re8 11.Ba3 Bc7 12.O-O Nf8 13.Rfd1 e4 14.Nd2 Bf5 15.Rab1 Rb8
16.c5 Ng6 17.Nc4 Ng4 18.Nd6 Bxd6 19.cxd6 Qg5 20.d7 Bxd7 21.Nxe4 Qh6 22.Bd6 Rbd8
23.Nc5 Nxe3 24.fxe3 Qxe3+ 25.Kh1 Qxe2 26.Qxe2 Rxe2 27.Bc7 Rc8 28.Rxb7 Bg4
29.Rc1 Rd2 30.h3 Be2 31.Nb3 Rb2 32.Rxc6 Bf1 33.Kg1 Bxg2  0-1

[Event "XIX EYCC Girls U18"]
[Site "Fermo ITA"]
[Date "2009.09.06"]
[Round "6"]
[White "Tsatsalashvili,K"]
[Black "Semenova,E"]
[Result "1-0"]
[WhiteElo "2255"]
[BlackElo "2115"]

1.d4 d5 2.Nf3 Nf6 3.c4 c6 4.Nc3 e6 5.e3 Nbd7 6.Bd3 Bd6 7.O-O O-O 8.e4 dxe4
9.Nxe4 Nxe4 10.Bxe4 h6 11.Bc2 e5 12.Re1 Bb4 13.Bd2 Bxd2 14.Qxd2 exd4 15.Qxd4 Re8
16.Rxe8+ Qxe8 17.Re1 Qf8 18.g4 Nf6 19.g5 hxg5 20.Nxg5 Bg4 21.Ne4 Nxe4 22.Qxe4 f5
23.Qe5 Rd8 24.c5 Rd2 25.Bb3+ Kh7 26.h3 Bh5 27.Qf4 Re2 28.Rxe2 Bxe2 29.Qe5 Bh5
30.Be6 g6 31.b4 Qd8 32.Qe3 Qd1+ 33.Kg2 Be2 34.Bb3 Qf1+ 35.Kh2 Bd3 36.Qe7+ Kh6
37.Qf8+ Kg5 38.Qd8+ Kh6 39.Qh8+ Kg5 40.Qd8+ Kh6 41.Qh4+ Kg7 42.Qd4+ Kh7 43.Qh4+ Kg7
44.Qe7+ Kh6 45.Qe3+ Kg7 46.f3 f4 47.Qe7+ Kh6 48.Qf8+  1-0

[Event "6th LGA Premium Cup"]
[Site "Nuernberg GER"]
[Date "2009.09.06"]
[Round "6"]
[White "Georgiev,Vl"]
[Black "Mainka,R"]
[Result "1/2-1/2"]
[WhiteElo "2530"]
[BlackElo "2521"]

1.d4 d5 2.c4 c6 3.e3 Nf6 4.Nc3 e6 5.Nf3 Nbd7 6.Qc2 Bd6 7.Bd3 O-O 8.O-O dxc4
9.Bxc4 a6 10.a4 c5 11.dxc5 Bxc5 12.Ne4 Nxe4 13.Qxe4 Qe7 14.Bd2 Nf6 15.Qh4 Bb4
16.Bd3 Bd6 17.Bc3 h6 18.Bc4 Nd5 19.Qxe7 Bxe7 20.Bd4 Nb4 21.Bb6 Nd5 22.Bxd5 exd5
23.Rac1 Re8 24.Bc5 Bf6 25.b3 Be6 26.Bd4 Bd8 27.b4 Be7 28.Bc5 Bf6 29.a5 Bf5
30.Rcd1 Be4 31.Nd4 Rac8 32.f3 Bg6 33.Kf2 Bd8 34.Rc1 Bd3 35.Rfd1 Bg6 36.Ne2 Bg5
37.Rc3 Bf6 38.Bd4 Be7 39.Rxc8 Rxc8 40.Bc3 Rc4 41.Rxd5 Bxb4 42.Bxb4 Rxb4 43.e4 f6
44.Nf4 Be8 45.g4 Kf7 46.h4 Bc6 47.Rc5 Rb2+ 48.Kg3 Rb5 49.Rxb5 axb5 50.Nd3 g5
51.hxg5 hxg5 52.Kf2 Ke6 53.Ke3 Kd6 54.Kd4 Bd7 55.Nc5 Bc8 56.Nd3 Be6 57.Nc5 Bc8
58.Nd3 Be6  1/2-1/2

[Event "XXXII Banicky kahanec"]
[Site "Prievidza CZE"]
[Date "2009.09.06"]
[Round "3"]
[White "Hirneise,T"]
[Black "Krivoshey,S"]
[Result "1/2-1/2"]
[WhiteElo "2427"]
[BlackElo "2497"]

1.d4 d5 2.c4 c6 3.Nc3 Nf6 4.e3 e6 5.Nf3 a6 6.b3 Bb4 7.Bd2 Bd6 8.Qc2 O-O 9.e4 dxe4
10.Nxe4 Nxe4 11.Qxe4 c5 12.Bc3 cxd4 13.Qxd4 e5 14.Qe3 Qe7 15.Be2 Nc6 16.O-O Bc5
17.Qg5 f6 18.Qh4 e4 19.Ne1 Bd4 20.Bxd4 Nxd4 21.Bd1 Qe5 22.Nc2 Rd8 23.Re1 Bf5
24.Qg3 Nc6 25.Qxe5 Nxe5 26.Ne3 Nd3 27.Rf1 Bg6 28.Bg4 a5 29.Be6+ Bf7 30.Bd5 Bxd5  1/2-1/2

[Event "FSIMB September"]
[Site "Budapest HUN"]
[Date "2009.09.08"]
[Round "4"]
[White "Le Thanh Tu"]
[Black "Shao Shuai"]
[Result "1/2-1/2"]
[WhiteElo "2305"]
[BlackElo "2149"]

1.d4 d5 2.c4 c6 3.Nf3 Nf6 4.Nc3 e6 5.e3 Nbd7 6.Qc2 Bd6 7.g4 h6 8.Bd2 Qe7
9.h3 dxc4 10.Bxc4 b5 11.Be2 Bb7 12.Rg1 a6 13.g5 hxg5 14.Nxg5 c5 15.Nge4 Nxe4
16.Nxe4 Rc8 17.Rc1 Nf6 18.Bf3 Bxe4 19.Bxe4 Nxe4 20.Qxe4 O-O 21.dxc5 Rxc5
22.Rxc5 Bxc5 23.Bc3 f6 24.a3 Rd8 25.h4 e5 26.h5 Qd7 27.Ke2 Qd5 28.Qc2 Qc4+
29.Ke1 Qd3  1/2-1/2

[Event "XXXII Banicky kahanec"]
[Site "Prievidza CZE"]
[Date "2009.09.08"]
[Round "5"]
[White "Polak,T"]
[Black "Stohl,I"]
[Result "1/2-1/2"]
[WhiteElo "2507"]
[BlackElo "2543"]

1.d4 Nf6 2.c4 e6 3.Nf3 d5 4.Nc3 c6 5.e3 Nbd7 6.Qc2 Bd6 7.Be2 O-O 8.O-O dxc4
9.Bxc4 a6 10.a3 Qc7 11.Rd1 c5 12.dxc5 Nxc5 13.h3 b6 14.b4 Ncd7 15.Be2 Bb7
16.Bb2 Rac8 17.Rac1 Qb8 18.Qb1 Rfd8 19.Ng5 h6 20.Nge4 Bh2+ 21.Kh1 Be5 22.Bf3 Nxe4
23.Bxe4 Nf6 24.Bxb7 Qxb7 25.Kg1 Rxd1+ 26.Nxd1 Bxb2 27.Rxc8+ Qxc8 28.Qxb2 Qc4
29.Nc3 Qd3 30.Kh2 b5 31.Qc1 Nd7 32.Nd1 Nb6 33.Nc3 Nc4 34.Kg1 h5 35.a4 bxa4
36.Nxa4 Qb3 37.Nc5 Qxb4 38.Nxa6 Qb5 39.Qa1 Qa5  1/2-1/2

[Event "XIX EYCC Boys U16"]
[Site "Fermo ITA"]
[Date "2009.09.09"]
[Round "9"]
[White "Melone,A"]
[Black "Tal,E"]
[Result "1-0"]
[WhiteElo "1881"]
[BlackElo "2028"]

1.d4 d5 2.c4 c6 3.Nc3 Nf6 4.Nf3 e6 5.e3 Nbd7 6.Bd3 dxc4 7.Bxc4 b5 8.Bd3 a6
9.O-O c5 10.e4 cxd4 11.Nxd4 Bb7 12.Bg5 Be7 13.Re1 Ne5 14.Bc2 O-O 15.a3 Bc5
16.Nf3 Qxd1 17.Raxd1 Nxf3+ 18.gxf3 Rac8 19.Bb3 Bxa3 20.Nxb5 Bb4 21.Nd6 Bxe1
22.Nxc8 Bxf2+ 23.Kxf2 Rxc8 24.Rd6 h6 25.Bxf6 gxf6 26.Rb6 Rc7 27.Ke3 Kg7 28.Bd1 Bc8
29.f4 Rb7 30.Rxb7 Bxb7 31.h4 Bc8 32.Be2 Kf8 33.Kd4 Bb7 34.Bd3 Ke7 35.Kc5 Kd7
36.Kb6 Ba8 37.b4 Kd6 38.Kxa6 f5 39.exf5 e5 40.fxe5+ Kxe5 41.b5 Kf4 42.b6 Kg4
43.b7 Bxb7+ 44.Kxb7 Kxh4 45.Kc6 h5 46.Kd6 Kg4 47.f6 h4 48.Ke7 Kf3 49.Ba6  1-0

[Event "XIX EYCC Girls U16"]
[Site "Fermo ITA"]
[Date "2009.09.09"]
[Round "9"]
[White "Bluebaum,J"]
[Black "Sop,S"]
[Result "0-1"]
[WhiteElo "2008"]
[BlackElo "1893"]

1.d4 d5 2.c4 c6 3.Nc3 Nf6 4.e3 e6 5.Nf3 Nbd7 6.Bd3 dxc4 7.Bxc4 b5 8.Bd3 a6
9.e4 c5 10.d5 c4 11.Bc2 Qc7 12.O-O Bb7 13.dxe6 fxe6 14.Nd4 Nc5 15.Qe2 Rd8
16.Be3 Be7 17.f3 O-O 18.Qf2 Ng4 19.Bf4 Qxf4  0-1

[Event "2nd WTeam w"]
[Site "Ningbo CHN"]
[Date "2009.09.09"]
[Round "7"]
[White "Ushenina,A"]
[Black "Krush,I"]
[Result "1/2-1/2"]
[WhiteElo "2448"]
[BlackElo "2458"]

1.d4 d5 2.c4 c6 3.Nc3 Nf6 4.e3 e6 5.Nf3 a6 6.b3 c5 7.cxd5 cxd4 8.Qxd4 exd5
9.Bb2 Nc6 10.Qd1 Bb4 11.a3 Bd6 12.Be2 O-O 13.O-O Be6 14.Rc1 Rc8 15.b4 b5
16.Nb1 Nd7 17.a4 Nxb4 18.axb5 Rxc1 19.Qxc1 axb5 20.Nc3 Qb8 21.Nxb5 Be7 22.Qa1 Nf6
23.Rc1 Rc8 24.h3 Rxc1+ 25.Qxc1 Bd7 26.Be5 Qb7 27.Qc7 Qxc7 28.Nxc7 Ne4 29.Nb5  1/2-1/2

[Event "ch-RUS HL"]
[Site "Ulan Ude RUS"]
[Date "2009.09.10"]
[Round "8"]
[White "Khismatullin,D"]
[Black "Potkin,V"]
[Result "1/2-1/2"]
[WhiteElo "2614"]
[BlackElo "2606"]

1.d4 d5 2.c4 e6 3.Nf3 Nf6 4.Nc3 c6 5.e3 Nbd7 6.Qc2 Bd6 7.g4 h6 8.h3 e5 9.Bd2 O-O
10.dxe5 Nxe5 11.Nxe5 Bxe5 12.O-O-O Qe7 13.Kb1 Rd8 14.cxd5 Nxd5 15.Nxd5 cxd5
16.Bc3 Bxc3 17.Qxc3 Qe4+ 18.Bd3 Qf3 19.Qc2 Be6 20.Qe2 Qf6 21.Bc2 d4 22.Rxd4 Rxd4
23.exd4 Qxd4 24.Rd1 Qb6 25.Qd3 Rc8 26.f4 Kf8 27.f5 Bc4 28.Qe4 a5 29.h4 Qc6
30.Qxc6 Rxc6 31.b3 Be2 32.Rd4 f6 33.Kc1 Bf3 34.Kd2 Ke7  1/2-1/2

[Event "FSGM September"]
[Site "Budapest HUN"]
[Date "2009.09.11"]
[Round "7"]
[White "Berczes,D"]
[Black "Shen Siyuan"]
[Result "1-0"]
[WhiteElo "2521"]
[BlackElo "2368"]

1.d4 d5 2.c4 c6 3.Nc3 Nf6 4.e3 e6 5.Nf3 Nbd7 6.Qc2 Bd6 7.g4 dxc4 8.Bxc4 e5
9.g5 Nd5 10.Bd2 O-O 11.Ne4 Bc7 12.O-O-O exd4 13.Nxd4 Ne5 14.Be2 Bb6 15.h4 Bxd4
16.exd4 Ng6 17.Ng3 Ngf4 18.Bc4 Be6 19.Rde1 Qb6 20.Re4 Nb4 21.Bxb4 Qxb4 22.Bxe6 Nxe6
23.d5 Nd4 24.Qd3 c5 25.Nf5 Qa5 26.Ne7+ Kh8 27.Kb1 Rad8 28.h5 Qb6 29.f4 Qd6
30.f5 Rd7 31.Ng6+ fxg6 32.hxg6 h6 33.f6 Qxd5 34.gxh6 gxf6 35.g7+ Rxg7 36.hxg7+ Kxg7
37.Rh7+  1-0

[Event "2nd WTeam w"]
[Site "Ningbo CHN"]
[Date "2009.09.11"]
[Round "9"]
[White "Danielian,E"]
[Black "Ushenina,A"]
[Result "1-0"]
[WhiteElo "2489"]
[BlackElo "2448"]

1.d4 d5 2.Nf3 Nf6 3.c4 e6 4.Nc3 c6 5.e3 Nbd7 6.Qc2 Bd6 7.b3 O-O 8.Bb2 e5
9.cxd5 cxd5 10.Be2 e4 11.Nd2 a6 12.O-O Re8 13.Rae1 Nf8 14.f3 exf3 15.Bxf3 Qc7
16.h3 Ne6 17.Qd3 Bg3 18.Rc1 Qd8 19.e4 Nf4 20.Qe3 dxe4 21.Bxe4 N6h5 22.Ne2 Nxe2+
23.Qxe2 Nf6 24.Qf3 Bc7 25.Bxb7 Bxb7 26.Qxb7 Nd5 27.Rc5 Qd6 28.Nf3 Nf4 29.Qxc7 Ne2+
30.Kf2 Qg6 31.Re5 Rac8 32.Rxe8+ Rxe8 33.Re1 Qd3 34.Qc3 Qe4 35.Qd2  1-0

[Event "7th ch-Mediterranean"]
[Site "Rijeka CRO"]
[Date "2009.09.11"]
[Round "1"]
[White "Medic,Mir"]
[Black "Pejic,Ig"]
[Result "1/2-1/2"]
[WhiteElo "2322"]
[BlackElo "1862"]

1.d4 d5 2.c4 c6 3.Nf3 Nf6 4.e3 e6 5.Nc3 Nbd7 6.Qc2 Bd6 7.Be2 O-O 8.O-O Re8
9.Rd1 a6 10.a3 Qc7 11.h3 e5 12.cxd5 cxd5 13.dxe5 Nxe5 14.Qb3 Be6 15.Nd4 Rac8
16.Bd2 Ne4 17.Nxd5 Nxd2 18.Rxd2 Qa5 19.Nxe6 Qxd2 20.Nef4 Rc1+ 21.Rxc1 Qxc1+
22.Bf1 Ng6 23.Nxg6 hxg6 24.Qxb7 Bh2+ 25.Kxh2 Qxf1 26.Kg3 Qd3 27.f3 Rd8 28.e4 Qd2
29.Qc7 Re8 30.b4 Qb2 31.a4 Qb3 32.b5 axb5 33.Qc6 Rxe4 34.axb5 Re5 35.Nc3 Qb4
36.b6 Rg5+ 37.Kf2 Qd4+ 38.Kf1 Rc5 39.Qe8+ Kh7 40.Ne2 Qb4  1/2-1/2

[Event "7th ch-Mediterranean"]
[Site "Rijeka CRO"]
[Date "2009.09.11"]
[Round "1"]
[White "Mravic,F"]
[Black "Savic,Miro"]
[Result "0-1"]
[WhiteElo "1813"]
[BlackElo "2288"]

1.Nf3 d5 2.c4 c6 3.e3 Nf6 4.Nc3 e6 5.d4 Nbd7 6.Qc2 Be7 7.b3 O-O 8.Bd3 Re8
9.O-O Bf8 10.Bb2 g6 11.a3 Bg7 12.e4 dxe4 13.Nxe4 Nxe4 14.Bxe4 e5 15.Nxe5 Nxe5
16.dxe5 Bxe5 17.Bxe5 Rxe5 18.Bd3 Re6 19.Qc3 Rd6 20.Rad1 Bf5 21.Bc2 Bxc2 22.Qxc2 Rxd1
23.Rxd1 Qe7 24.b4 a5 25.c5 axb4 26.axb4 Qe5 27.g3 h5 28.Rd7 h4 29.Qd2 h3
30.f4 Ra1+ 31.Kf2 Qe4 32.Rd8+ Kh7 33.Qc3 Ra2+ 34.Rd2 Qg2+ 35.Ke3 Qg1+ 36.Kd3 Qf1+
37.Ke3 Qe1+ 38.Kd3 Qb1+ 39.Kc4 Qe4+ 40.Rd4 Qe6+  0-1

[Event "4th Xtracon Skovbo"]
[Site "Borup DEN"]
[Date "2009.09.12"]
[Round "7"]
[White "Jensen,JanK"]
[Black "Knudsen,Ole NOR"]
[Result "0-1"]
[WhiteElo "1762"]
[BlackElo "1982"]

1.d4 d5 2.c4 e6 3.Nf3 c6 4.e3 Nf6 5.Nc3 a6 6.Bd3 dxc4 7.Bxc4 b5 8.Bd3 Bb7
9.O-O c5 10.dxc5 Bxc5 11.Qe2 Nbd7 12.b3 O-O 13.Bb2 Qb6 14.Rfd1 Rfd8 15.Rac1 Rac8
16.Bb1 Bb4 17.Ng5 Nc5 18.Rxd8+ Rxd8 19.Nd1 Qc7 20.Qf1 h6 21.Bxf6 gxf6 22.Nf3 Bxf3
23.gxf3 Qd6 24.Bc2 Ba3 25.Nc3 Bxc1 26.Qxc1 b4 27.Na4 Nxa4 28.bxa4 Rd7 29.Bb3 Kg7
30.Kf1 Qd2 31.Qxd2 Rxd2 32.Kg2 Kf8 33.Kg3 Ke7 34.f4 a5 35.h3 f5 36.Kf3 Kd6
37.Kg3 f6 38.Kf3 e5 39.fxe5+ fxe5 40.Bg8 Ke7 41.Bb3 Kf6 42.Kg3 e4 43.Bg8 Ke5
44.Bf7 Rd7 45.Bb3 Rg7+ 46.Kh2 f4 47.exf4+ Kxf4 48.Bd1 Rd7 49.Bb3 Kf3 50.Kg1 Rd2  0-1

[Event "4th Xtracon Skovbo"]
[Site "Borup DEN"]
[Date "2009.09.12"]
[Round "7"]
[White "Bekker Jensen,Da"]
[Black "Pedersen,HaD"]
[Result "1-0"]
[WhiteElo "2338"]
[BlackElo "2210"]

1.d4 d5 2.c4 c6 3.Nc3 Nf6 4.e3 e6 5.Nf3 Nbd7 6.Qc2 b6 7.Bd3 Bb7 8.O-O Be7
9.b3 dxc4 10.bxc4 c5 11.Be2 O-O 12.Rd1 cxd4 13.exd4 Qc7 14.Nb5 Qc6 15.d5 exd5
16.Nfd4 Qc8 17.Nf5 Bc5 18.Bb2 Ba6 19.Qc1 Bxb5 20.Qg5 g6 21.cxb5 Re8 22.Bf3 Qd8
23.Nh6+ Kf8 24.Bxd5 Bxf2+ 25.Kh1 Be3 26.Qg3 Nxd5 27.Rxd5 Bxh6 28.Qh3 Bg7
29.Rxd7 Qg5 30.Rf1 Re3 31.Rdxf7+  1-0

[Event "4th Xtracon Skovbo"]
[Site "Borup DEN"]
[Date "2009.09.12"]
[Round "7"]
[White "Antonsen,M"]
[Black "Sulskis,S"]
[Result "1/2-1/2"]
[WhiteElo "2428"]
[BlackElo "2568"]

1.d4 Nf6 2.c4 e6 3.Nc3 d5 4.Nf3 c6 5.e3 Nbd7 6.Qc2 Bd6 7.Bd3 dxc4 8.Bxc4 b5
9.Be2 O-O 10.O-O b4 11.Ne4 Nxe4 12.Qxe4 Bb7 13.Rd1 Qe7 14.Bd2 Nf6 15.Qh4 c5
16.Rac1 Rfc8 17.Be1 a5 18.dxc5 Rxc5 19.Rxc5 Bxc5 20.Ne5 Rd8 21.Nc4 Rxd1 22.Bxd1 Qd8
23.Be2 h6 24.Kf1 Be4 25.Qf4 a4 26.Qe5 Bd5 27.b3 Nd7 28.Qf4 a3 29.Nd2 Nb6
30.Bf3 g5 31.Qg4 f5 32.Qh5 Kg7 33.e4 Bc6 34.exf5 Qd3+ 35.Kg1 Bxf3 36.Qg6+ Kf8
37.Qf6+ Ke8 38.Qxe6+ Kd8 39.Nxf3 Nd5 40.Qc6 Ne3 41.Qf6+ Kc7 42.Qf7+ Kd8 43.Qf6+ Kc7
44.Qf7+ Kb8 45.Qe8+ Kb7 46.Qf7+ Kc8 47.Qe8+ Kb7 48.Qf7+  1/2-1/2

[Event "7th ch-Mediterranean"]
[Site "Rijeka CRO"]
[Date "2009.09.12"]
[Round "3"]
[White "Mravic,F"]
[Black "Pettersson,A"]
[Result "1-0"]
[WhiteElo "1813"]
[BlackElo "2049"]

1.Nf3 d5 2.c4 c6 3.e3 Nf6 4.Nc3 e6 5.d4 Bd6 6.Qc2 Nbd7 7.b3 O-O 8.Bd3 Re8
9.O-O e5 10.cxd5 cxd5 11.dxe5 Nxe5 12.Nxe5 Rxe5 13.Bb2 Rh5 14.g3 Ng4 15.Be2 Rh3
16.Rad1 Be6 17.Bxg4 Bxg4 18.Rxd5 Bf3 19.Rxd6 Qxd6 20.Qf5 Bg4 21.Qxg4 Qh6
22.Ne4 Rxh2 23.Qxg7+ Qxg7 24.Bxg7 Rh3 25.Kg2 Rxg3+ 26.fxg3 Kxg7 27.Nd6 f6
28.Nxb7 Rc8 29.Rf2 Re8 30.Nd6 Re6 31.Nc4 h5 32.Kf3 Kg6 33.e4 Re7 34.Kf4 Rb7
35.Rd2 Rb5 36.Rd5 Rb7 37.Rd6 Kf7 38.Kf5 Rb5+ 39.e5 fxe5 40.Rd7+ Kf8  1-0